Τιμητική έκδοση για τον ομότιμο καθηγητή του Ε. Μ. Πολυτεχνείου Θεόδωρο Σκουλικίδη = Publication on the honour of the professor emeritus of the National Technical University Theodore Skoulikidis

Αποθηκεύτηκε σε:
Λεπτομέρειες βιβλιογραφικής εγγραφής
Συγγραφή απο Οργανισμό/Αρχή: Εθνικό Μετσόβιο Πολυτεχνείο. Τμήμα Χημικών Μηχανικών
Μορφή: Βιβλίο
Γλώσσα:Greek
English
Δημοσίευση: Αθήνα : 1995.
Θέματα:
Ετικέτες: Προσθήκη ετικέτας
Δεν υπάρχουν, Καταχωρήστε ετικέτα πρώτοι!

MARC

LEADER 00000cam a2200000 i 4500
001 1/7235
008 960730s1995####gr | | ||| |||| ||gre||
035 |l 10016633 
040 |a GR-MY-UA  |b gre  |e aacr 
041 0 |a gre  |a eng 
082 0 |a 628.092  
110 2 |a Εθνικό Μετσόβιο Πολυτεχνείο.   |b Τμήμα Χημικών Μηχανικών. 
245 1 0 |a Τιμητική έκδοση για τον ομότιμο καθηγητή του Ε. Μ. Πολυτεχνείου Θεόδωρο Σκουλικίδη =   |b Publication on the honour of the professor emeritus of the National Technical University Theodore Skoulikidis /   |c Εθνικό Μετσόβιο Πολυτεχνείο. Τμήμα Χημικών Μηχανικών.  
246 1 |i Παράλληλος τίτλος:   |a Publication on the honour of the professor emeritus of the National Technical University Theodore Skoulikidis  
260 |a Αθήνα :   |c 1995.  
300 |a 294 σ. :   |b εικ., σχημ.  
504 |a Περιέχει βιβλιογραφικές αναφορές.  
650 0 0 |a Environmental engineering. 
650 0 0 |a Speeches, addresses, etc. 
852 |a INST  |b LESVOS  |e 19960730  |h 628.092 ΕΘΝ  |p 005100009384  |q 005100009384  |t BK  |y 0 
909 |a Λ  |b 043625 
970 |z 2000/05/ΟΙΚΟΝΟΜΟΠΟΥΛΟΥ ΧΡΙΣΤΙΝΑ